| 000 | 00877cab a2200229 4500 | ||
|---|---|---|---|
| 001 | WB3018-10 | ||
| 008 | 090401t1994 xxu||||| |||| 00| 0 eng d | ||
| 035 | _a(Sirsi) u47129 | ||
| 041 | _aeng | ||
| 245 | _aImprovement grant | ||
| 260 | _c1994 | ||
| 350 | _a0 | ||
| 490 |
_aEstates Gazette Case Summaries _v1994 EGCS 79 (7/5/94) |
||
| 520 | _a"R v Bristol City Council ex parte Naqvi" QBD 27 April 1994 concerned a property unfit for human habitation and whether or not a grant was available for conversion from shop and flat to a single dwelling. Concern was expressed as to whether or not the local authority was entitled to refuse the grant. | ||
| 650 | _aIMPROVEMENT GRANTS | ||
| 650 | _aLOCAL GOVERNMENT AND HOUSING ACT 1989 S103 | ||
| 650 | _aMANDATORY GRANT | ||
| 650 | _aUNFIT PROPERTY | ||
| 690 | _aHOUSING-CASE LAW | ||
| 942 | _n0 | ||
| 948 | _c04/03/1997 | ||
| 999 |
_c29727 _d29727 |
||